| Tag |
First Indicator |
Second Indicator |
Subfields |
| LEADER |
00000cam a2200000 4500 |
| 001 |
in00000469585 |
| 005 |
20151013050944.0 |
| 008 |
700409s1970 nyuc b 00110aeng |
| 010 |
|
|
|a 73010845
|
| 035 |
|
|
|a (OCoLC)00066490
|
| 035 |
|
|
|9 ACA7442AM
|
| 037 |
|
|
|c 3.50
|
| 040 |
|
|
|a DLC
|c DLC
|d TXA
|d UtOrBLW
|
| 049 |
|
|
|a TXAM
|c [1412892]
|
| 050 |
0 |
0 |
|a HX696.O9
|b J58
|
| 082 |
0 |
|
|a 335/.12
|a B
|
| 100 |
1 |
|
|a Owen, Robert,
|d 1771-1858.
|
| 245 |
1 |
0 |
|a Robert Owen in the United States /
|c [edited by] Oakley C. Johnson. Foreword by A. L. Morton.
|
| 264 |
|
1 |
|a New York :
|b Published for A.I.M.S. by Humanities Press,
|c 1970.
|
| 300 |
|
|
|a xii, 86 pages :
|b portrait ;
|c 24 cm.
|
| 336 |
|
|
|a text
|b txt
|2 rdacontent
|
| 337 |
|
|
|a unmediated
|b n
|2 rdamedia
|
| 338 |
|
|
|a volume
|b nc
|2 rdacarrier
|
| 490 |
1 |
|
|a AIMS historical series, no. 6
|
| 504 |
|
|
|a Bibliography: pages 77-83.
|
| 600 |
1 |
0 |
|a Owen, Robert,
|d 1771-1858.
|
| 700 |
1 |
|
|a Johnson, Oakley C.,
|d 1890-
|
| 830 |
|
0 |
|a AIMS historical series ;
|v no. 6.
|
| 999 |
|
|
|a MARS
|
| 999 |
f |
f |
|s 957b34e8-a115-3909-a7ad-92063214b687
|i 5f15b6b8-06d8-3d9e-be78-4e017951a9a3
|t 0
|
| 952 |
f |
f |
|p ric
|a Texas A&M University
|b Rellis Campus
|c Joint Library Facility
|d Remote Storage
|t 0
|e HX696.O9 J58
|h Library of Congress classification
|i unmediated -- volume
|m A14803060242
|
| 998 |
f |
f |
|a HX696.O9 J58
|t 0
|l Remote Storage
|